000 01045cgm a2200289 4500
001 J612
008 090401t1992 xxu||||| |||| 00| 0 eng d
035 _a(Sirsi) u75761
041 _aeng
050 _a347.4109
100 _aGillett, Alan
245 2 _aA question of arbitration (sound recording).
260 _aLondon
_bRICS
_c1992
300 _a1 sound cassette (60 min.)
350 _a8.7
490 _aOwlion Audio Programme
520 _aThis programme discusses some of the difficult and controversial matters concerning rent review arbitrations. Aimed at both arbitrators and those who need to know more about the dispute procedure.
650 _aAUDIO CASSETTES
690 _aMANAGEMENT-DISPUTE AVOIDANCE, MANAGEMENT AND RESOLUTION-DISPUTE MANAGEMENT AND RESOLUTION-ARBITRATION
700 _aEden, Nicholas
700 _aGyngell, Torquil
700 _aReynolds, Kirk
710 _aRoyal Institution of Chartered Surveyors
_94900
710 _aCollege of Estate Management
_9400
942 _n0
948 _c04/03/1997
999 _c85341
_d85341